| 000 | 00370nam a2200145 4500 | ||
|---|---|---|---|
| 001 | 1163 | ||
| 005 | 20181127162817.0 | ||
| 008 | 070920s2007 wyu 000 0 eng | ||
| 020 | _a8170262070 | ||
| 100 | 1 | _aOrwell, George. | |
| 245 | 1 | 0 |
_aBurmese days / _cGeorge Orwell. |
| 260 |
_aNew Delhi : _bHeritage Publishers, _c2009. |
||
| 300 | _a288 p. | ||
| 500 | _a"Heritage Classics" | ||
| 999 |
_c814 _d814 |
||